New headway English course elementary (رقم التسجيلة. 14383)

تفاصيل مارك
000 -الفاتح
حقل البيانات ثابتة الطول 00591nam a22001937a 4500
003 - محدد رقم الضبط
رقم الضبط OSt
005 - وقت وتاريخ اخر تعامل مع التسجيلة
رقم الضبط 20150408113919.0
008 - عناصر البيانات ثابتة الطول - معلومات عامة
حقل البيانات ثابتة الطول 110914t xxu||||| |||| 00| 0 eng d
020 ## - الرقم الدولى المعيارى للكتب
الرقم الدولى المعيارى للكتاب 0194366707
040 ## - مصدر الفهرسة
وكالة الفهرسة الأصلية mu
لغة الفهرسة eng
وكالة النسخ mb
082 ## - رقم تصنيف ديوى العشرى
رقم الطبعة 21
رقم التصنيف 428.24 L S N
100 ## - المدخل الرئيسى - إسم شخصى
الإسم الشخصى Soars, liz
9 (RLIN) 4535
245 ## - بيان العنوان
العنوان New headway English course elementary
بقية العنوان workbook without key
بيان المسئوليه,etc Liz Soars, John Soars - 2000
260 ## - PUBLICATION, DISTRIBUTION, ETC. (IMPRINT)
مكان الناشر او الموزع Oxford‏,
اسم الناشر او الموزع Oxford University Press‏,
تاريخ النشر أو التوزيع 2000
300 ## - الوصف المادى
التعداد 144 P.
650 ## - المدخل الاضافى بالموضوع-مصطلح موضوعى
مصطلح موضوعي أو اسم جغرافي كعنصر مدخل English language .
التقسيم الفرعي العام Textbooks for foreign speakers.
9 (RLIN) 4536
700 ## - المدخل الاضافى - اسم شخصى
الإسم الشخصى JOHN
942 ## - عناصر المدخل الإضافي( كوها)
مصدر التصنيف او مخطط الترفيف Dewey Decimal Classification
Koha [default] item type كتاب
المقتنيات
حالة الفقد نموذج السعر الفعال حالة تلف ليس للاعارة رقم الطلب تاريخ الاكتساب الموقع الحالي الباركود الفرع الرئيسي Date last seen نوع المادة فى نظام كوها مصدر التصنيف او خطة الترفيف Total Checkouts
  2013-03-10     428.24 L S N 2011-09-15 المكتبة المركزية بالمجمعة (CL) 00049844 المكتبة المركزية بالمجمعة (CL) 2013-03-10 كتاب Dewey Decimal Classification  
  2013-03-10     428.24 L S N 2011-09-19 المكتبة المركزية بالمجمعة (CL) 00049835 المكتبة المركزية بالمجمعة (CL) 2013-03-10 كتاب Dewey Decimal Classification  
  2013-03-10     428.24 L S N 2011-09-19 المكتبة المركزية بالمجمعة (CL) 00049834 المكتبة المركزية بالمجمعة (CL) 2013-03-10 كتاب Dewey Decimal Classification